000 00785nam a2200229 a 4500
001 000024203
005 20200930022815.0
008 110120s1970 sp ad r 001 0 spa d
040 _aDO-SdBNP
_bspa
_cBNPHU
082 _axxxxx
_bS534i
100 1 _aShaw, Duncan J.
_949707
245 1 0 _aIntroducción a la química de superficies y coloides /
_cDuncan J. Shaw ; traducción Armando Albert Martínez.
260 _aMadrid :
_bAlhambra,
_c1970.
300 _avii, 214 p. :
_bil., diag. ;
_c20 cm.
490 1 _aExedra ;
_v54
500 _aIncluye bibliografía p.[207-209]
500 _aIncluye índice de materias.
534 _aIntroduction to colloid and surface chemistry.
700 1 _aMartínez, Armando Alber,
_etr.
_949708
830 0 _aExedra ;
_n54
_949709
049 _aBNGR
999 _c23697
_d23697